Teljesítménymenedzsment a közigazgatásban

Bibliographic Details
Main Author: Hey Mónika
Other Authors: Faragóné Lepp Katalin
Bognár Dr. László
Format: Thesis
Kulcsszavak:A teljesítmény menedzsment
Teljesítmény értékelés
egyéni teljesítmény
Online Access:http://dolgozattar.uni-bge.hu/19660

MARC

LEADER 00000nta a2200000 i 4500
001 dolg19660
005 20181217090408.0
008 181217suuuu hu om 000 hun d
040 |a BGE Dolgozattár Repozitórium  |b hun 
041 |a hu 
100 1 |a Hey Mónika 
245 1 0 |a Teljesítménymenedzsment a közigazgatásban  |c Hey Mónika  |h [elektronikus dokumentum] 
695 |a A teljesítmény menedzsment 
695 |a Teljesítmény értékelés 
695 |a egyéni teljesítmény 
700 1 |a Faragóné Lepp Katalin  |e ths 
700 1 |a Bognár Dr. László  |e ths 
856 4 0 |u http://dolgozattar.uni-bge.hu/19660/1/Teljes%C3%ADtm%C3%A9nymenedzsment%20a%20k%C3%B6zigazgat%C3%A1sban.pdf  |z Dokumentum-elérés